[Event "77 España ch 2012"]
[Site "Maspalomas ESP"]
[Date "2012.10.03"]
[Round "5.46"]
[White "Monzon Aleman, Ayoze"]
[Black "Salazar Martin, Jose Maria"]
[Result "1-0"]
[WhiteElo "1727"]
[BlackElo "1855"]
[PlyCount "91"]
[EventDate "2012.09.29"]
[EventType "swiss"]
[EventRounds "9"]
[EventCountry "ESP"]
[Source "lmi"]
[SourceDate "2012.09.29"]

1. e4 e5 2. Nf3 Nf6 3. Nc3 Nc6 4. d4 exd4 5. Nxd4 Bc5 6. Be3 Bxd4 7. Bxd4 O-O
8. Qd2 Nxe4 9. Nxe4 Re8 10. Be3 Rxe4 11. O-O-O d6 12. Bd3 Rb4 13. Rhe1 Be6 14.
Bg5 Qd7 15. a3 Rd4 16. c3 Rd5 17. Qc2 Rxg5 18. Bxh7+ Kh8 19. h4 Bf5 20. Bxf5
Rxf5 21. g4 Re5 22. Rg1 Qe6 23. Kb1 Re2 24. Qc1 Qe4+ 25. Ka1 Qc2 26. Qxc2 Rxc2
27. f4 Re8 28. f5 Na5 29. g5 Ree2 30. Rb1 Nc4 31. Rge1 Ne5 32. h5 Nd3 33. g6 f6
34. Red1 Ne5 35. Ka2 Nc4 36. Re1 Ne3 37. Kb3 Nxf5 38. Kc4 Ng3 39. Rg1 Rg2 40.
Rbe1 b5+ 41. Kxb5 Rge2 42. Rxe2 Nxe2 43. Re1 Rxb2+ 44. Kc6 Rc2 45. Kd7 d5 46.
Rb1 1-0

[Event "77 España ch 2012"]
[Site "Maspalomas ESP"]
[Date "2012.10.03"]
[Round "5.47"]
[White "Moreno Cameno, Juan Carlos"]
[Black "Biscarri Candalia, Oscar"]
[Result "1/2-1/2"]
[WhiteElo "1686"]
[BlackElo "1531"]
[PlyCount "83"]
[EventDate "2012.09.29"]
[EventType "swiss"]
[EventRounds "9"]
[EventCountry "ESP"]
[Source "lmi"]
[SourceDate "2012.09.29"]

1. e4 c5 2. Nf3 d6 3. d4 cxd4 4. Nxd4 Nf6 5. Nc3 g6 6. Be2 Bg7 7. O-O O-O 8.
Be3 Nc6 9. f4 Qb6 10. Na4 Qb4 11. c3 Qa5 12. Bf3 Bd7 13. b4 Qc7 14. Rc1 Qc8 15.
a3 Ng4 16. Bxg4 Bxg4 17. Qd2 Qd7 18. Nb2 Rac8 19. h3 Be6 20. f5 Ba2 21. Ra1
Nxd4 22. cxd4 Bc4 23. Nxc4 Rxc4 24. Rac1 Rfc8 25. fxg6 hxg6 26. Rxc4 Rxc4 27.
Qd3 Qc7 28. Qb3 e6 29. Qa4 Bxd4 30. Bxd4 Rxd4 31. Qxa7 Rxe4 32. Qa8+ Kg7 33.
Qe8 Re5 34. Qa4 Re2 35. Qd1 Qc2 36. Qd4+ e5 37. Qg4 Qe4 38. Qg5 Re1 39. Qf6+
Kh6 40. Qh8+ Kg5 41. Qf6+ Kh6 42. Qh8+ 1/2-1/2

[Event "77 España ch 2012"]
[Site "Maspalomas ESP"]
[Date "2012.10.03"]
[Round "5.48"]
[White "Suarez Buceta, Melquiades"]
[Black "Guerrero Orihuela, Jose Luis"]
[Result "1-0"]
[WhiteElo "1425"]
[BlackElo "1562"]
[PlyCount "71"]
[EventDate "2012.09.29"]
[EventType "swiss"]
[EventRounds "9"]
[EventCountry "ESP"]
[Source "lmi"]
[SourceDate "2012.09.29"]

1. c4 Nf6 2. Nc3 c5 3. d3 e6 4. g3 d5 5. cxd5 exd5 6. Bg2 Be6 7. Nf3 Nc6 8. O-O
h6 9. Bd2 Qd7 10. Re1 O-O-O 11. Qc2 Bh3 12. Bh1 g5 13. Rec1 g4 14. Ne1 Nd4 15.
Qd1 h5 16. Bg5 Qe6 17. Bxf6 Qxf6 18. Nxd5 Rxd5 19. Bxd5 Qe5 20. e3 Qxd5 21.
exd4 h4 22. dxc5 hxg3 23. fxg3 Bxc5+ 24. d4 b6 25. dxc5 Qe4 26. cxb6+ Kb7 27.
Rc7+ Kb8 28. Rxf7 Qe3+ 29. Rf2 Qxb6 30. Qb3 Qxb3 31. axb3 Re8 32. Rf4 Re7 33.
Kf2 Rd7 34. Rc1 Rd2+ 35. Kg1 Rxb2 36. Rb4+ 1-0

[Event "77 España ch 2012"]
[Site "Maspalomas ESP"]
[Date "2012.10.03"]
[Round "5.49"]
[White "Aleman Alamo, Nicolas"]
[Black "Nicolas Fernandez, Juan Antoni"]
[Result "1-0"]
[WhiteElo "1549"]
[BlackElo "1417"]
[PlyCount "113"]
[EventDate "2012.09.29"]
[EventType "swiss"]
[EventRounds "9"]
[EventCountry "ESP"]
[Source "lmi"]
[SourceDate "2012.09.29"]

1. d4 Nf6 2. c4 e6 3. Nc3 Bb4 4. Qc2 Nc6 5. Nf3 d6 6. a3 Bxc3+ 7. Qxc3 O-O 8.
Bg5 Ne4 9. Bxd8 Nxc3 10. bxc3 Rxd8 11. e3 b6 12. Be2 e5 13. d5 Na5 14. Rb1 Ba6
15. Nd2 c6 16. f3 cxd5 17. cxd5 Bxe2 18. Kxe2 Rac8 19. Rhc1 Nb7 20. Nb3 Rc4 21.
e4 Rdc8 22. Kd3 g6 23. g4 Kg7 24. h4 f6 25. Rc2 h6 26. Rbc1 a5 27. Ke3 Nc5 28.
Nxc5 R4xc5 29. c4 a4 30. Kd3 R8c7 31. Rb1 Rb7 32. Rb5 Kf7 33. Rcb2 Rbc7 34.
R2b4 Ke7 35. Rxb6 Kd7 36. Rxa4 Ke7 37. Rab4 Ra7 38. Rb7+ Rc7 39. Rxc7+ Rxc7 40.
Kc3 Ra7 41. Kb3 f5 42. g5 fxe4 43. fxe4 hxg5 44. hxg5 Kf7 45. Rb6 Ke7 46. Kb4
Ra8 47. a4 Kd7 48. Kb5 Kc7 49. a5 Ra7 50. Rc6+ Kb8 51. Rxd6 Rb7+ 52. Rb6 Ka8
53. Rxb7 Kxb7 54. c5 Kc7 55. a6 Kb8 56. Kb6 Ka8 57. d6 1-0

[Event "77 España ch 2012"]
[Site "Maspalomas ESP"]
[Date "2012.10.03"]
[Round "5.50"]
[White "Gonzalez Acosta, Pablo"]
[Black "Roque Hernandez, Francisco"]
[Result "1-0"]
[WhiteElo "1906"]
[BlackElo "1548"]
[PlyCount "47"]
[EventDate "2012.09.29"]
[EventType "swiss"]
[EventRounds "9"]
[EventCountry "ESP"]
[Source "lmi"]
[SourceDate "2012.09.29"]

1. d4 b6 2. Nf3 Nf6 3. e3 Bb7 4. Nbd2 e6 5. c3 d6 6. Bd3 Nbd7 7. O-O h6 8. e4
Qe7 9. Re1 O-O-O 10. Qe2 g5 11. e5 Nh5 12. exd6 cxd6 13. Nb3 Nf4 14. Bxf4 gxf4
15. Ba6 Qf6 16. a4 Nb8 17. Bxb7+ Kxb7 18. a5 Rg8 19. axb6 axb6 20. Qb5 Qg6 21.
g3 Qg4 22. Na5+ Kc8 23. Nc4 Nd7 24. Qc6+ 1-0

[Event "77 España ch 2012"]
[Site "Maspalomas ESP"]
[Date "2012.10.03"]
[Round "5.57"]
[White "Amador Garcia, Ismael"]
[Black "Ramirez Maillo, Cristian"]
[Result "1-0"]
[WhiteElo "1427"]
[BlackElo "1164"]
[PlyCount "31"]
[EventDate "2012.09.29"]
[EventType "swiss"]
[EventRounds "9"]
[EventCountry "ESP"]
[Source "lmi"]
[SourceDate "2012.09.29"]

1. e4 c5 2. d4 cxd4 3. c3 dxc3 4. Nxc3 d6 5. Bc4 Nf6 6. Nf3 Bg4 7. Ne5 Qc7 8.
Bxf7+ Kd8 9. Nxg4 Nxg4 10. Qxg4 Nc6 11. O-O Ne5 12. Qe6 g6 13. Rd1 a6 14. Qxe5
Qd7 15. Qxh8 Qg4 16. Qxf8+ 1-0

[Event "77 España ch 2012"]
[Site "Maspalomas ESP"]
[Date "2012.10.03"]
[Round "5.59"]
[White "Suarez Pazos, Alberto"]
[Black "Ruiz Macias, Anabel"]
[Result "1-0"]
[WhiteElo "1741"]
[BlackElo "1455"]
[PlyCount "155"]
[EventDate "2012.09.29"]
[EventType "swiss"]
[EventRounds "9"]
[EventCountry "ESP"]
[Source "lmi"]
[SourceDate "2012.09.29"]

1. d4 g6 2. Bg5 Bg7 3. e4 d6 4. Nf3 c5 5. c3 Qb6 6. Qd2 Nf6 7. dxc5 Qxc5 8. Be3
Qc7 9. Bd3 Nc6 10. O-O Ng4 11. Bg5 O-O 12. h3 Nge5 13. Nxe5 Nxe5 14. Bc2 f5 15.
Bh6 Nc4 16. Bb3 e6 17. Bxc4 Qxc4 18. Bxg7 Kxg7 19. exf5 Rxf5 20. Qxd6 Qe2 21.
Nd2 Kf7 22. Qc7+ Kg8 23. Nc4 Rf7 24. Qd8+ Rf8 25. Qd4 b6 26. Rfe1 Qh5 27. Re5
Qh6 28. Rae1 Ba6 29. Rxe6 Rad8 30. Rd6 Qg5 31. Ne3 Rxd6 32. Qxd6 Bc8 33. Qd5+
Qxd5 34. Nxd5 Rd8 35. Ne7+ Kf8 36. Nxc8 Rxc8 37. Rd1 Ke7 38. Kf1 Rc4 39. Rd4
Rc5 40. Rh4 h5 41. Ra4 a5 42. Re4+ Kd6 43. Ke2 b5 44. f4 b4 45. Rd4+ Ke7 46. c4
a4 47. Kd3 Rf5 48. Ke4 Rc5 49. g4 Ke6 50. b3 axb3 51. axb3 Ra5 52. f5+ gxf5+
53. gxf5+ Rxf5 54. Rd6+ Kxd6 55. Kxf5 Kc5 56. Ke5 h4 57. Ke4 Kd6 58. Kd4 Kc6
59. c5 Kc7 60. Kc4 Kc6 61. Kxb4 Kb7 62. Kc4 Kc6 63. b4 Kd7 64. Kd5 Kc7 65. b5
Kc8 66. Kd6 Kb8 67. Kd7 Kb7 68. c6+ Ka7 69. c7 Kb7 70. c8=Q+ Ka7 71. Qc7+ Ka8
72. Qc6+ Kb8 73. Qe4 Ka7 74. Kd6 Kb6 75. Qa4 Kb7 76. Kd7 Kb8 77. b6 Kb7 78.
Qa7# 1-0

[Event "77 España ch 2012"]
[Site "Maspalomas ESP"]
[Date "2012.10.04"]
[Round "6.1"]
[White "Arizmendi Martinez, Julen Luis"]
[Black "Korneev, Oleg"]
[Result "1/2-1/2"]
[WhiteElo "2560"]
[BlackElo "2596"]
[PlyCount "60"]
[EventDate "2012.09.29"]
[EventType "swiss"]
[EventRounds "9"]
[EventCountry "ESP"]
[Source "lmi"]
[SourceDate "2012.09.29"]

1. d4 d5 2. c4 dxc4 3. Nf3 Nf6 4. e3 a6 5. Bxc4 b5 6. Bd3 Bb7 7. a4 b4 8. Qe2
e6 9. Nbd2 Nbd7 10. e4 Be7 11. e5 Nd5 12. Nb3 a5 13. O-O h6 14. Bd2 c5 15. Rfc1
Rc8 16. Bb5 O-O 17. Nxa5 Qxa5 18. Bxd7 Ba6 19. Bb5 Bxb5 20. axb5 Qb6 21. Ra6
Qb7 22. dxc5 Bxc5 23. Kf1 Rc7 24. g3 Rb8 25. b3 Kf8 26. h4 Kg8 27. h5 Kh7 28.
Qd3+ Kg8 29. Qe2 Bb6 30. Rc4 Bc5 1/2-1/2

[Event "77 España ch 2012"]
[Site "Maspalomas ESP"]
[Date "2012.10.04"]
[Round "6.2"]
[White "Alonso Rosell, Alvar"]
[Black "Romero Holmes, Alfonso"]
[Result "1-0"]
[WhiteElo "2528"]
[BlackElo "2508"]
[PlyCount "81"]
[EventDate "2012.09.29"]
[EventType "swiss"]
[EventRounds "9"]
[EventCountry "ESP"]
[Source "lmi"]
[SourceDate "2012.09.29"]

1. d4 d6 2. Nf3 Bg4 3. e4 Nf6 4. Nc3 c6 5. h3 Bh5 6. g4 Bg6 7. Qe2 Qa5 8. Bd2
Qa6 9. Qe3 Qb6 10. g5 Nh5 11. Na4 Qc7 12. c4 e5 13. Nc3 Nd7 14. O-O-O Be7 15.
Rg1 a6 16. Kb1 O-O-O 17. Rc1 Kb8 18. Ka1 f6 19. d5 c5 20. gxf6 Bxf6 21. Ng5
Bxg5 22. Rxg5 Rhf8 23. Be2 Nf4 24. Rcg1 Nxe2 25. Qxe2 Nf6 26. Rb1 Qc8 27. b4
cxb4 28. Rxb4 Qxh3 29. c5 dxc5 30. Rb1 Rd7 31. Rxe5 Ng4 32. f4 Nxe5 33. fxe5 c4
34. e6 Rc7 35. d6 Rc6 36. e7 Rfc8 37. Nd5 Ka8 38. Nb6+ Rxb6 39. Rxb6 Qg3 40. d7
Qe5+ 41. Rb2 1-0

[Event "77 España ch 2012"]
[Site "Maspalomas ESP"]
[Date "2012.10.04"]
[Round "6.3"]
[White "Ortega Hermida, Daniel"]
[Black "Perez Candelario, Manuel"]
[Result "0-1"]
[WhiteElo "2392"]
[BlackElo "2575"]
[PlyCount "76"]
[EventDate "2012.09.29"]
[EventType "swiss"]
[EventRounds "9"]
[EventCountry "ESP"]
[Source "lmi"]
[SourceDate "2012.09.29"]

1. d4 d6 2. e4 g6 3. Nc3 Bg7 4. Bg5 c6 5. Qd2 b5 6. a3 Nd7 7. f4 Nb6 8. b3 Qc7
9. Nf3 a6 10. Rc1 c5 11. d5 f5 12. e5 Bb7 13. Bxb5+ axb5 14. Nxb5 Qd7 15. c4
Nxd5 16. exd6 exd6 17. Qe2+ Kf8 18. O-O Ndf6 19. Rcd1 Ne4 20. Ne5 Bxe5 21. fxe5
Nxg5 22. Rxd6 Qe7 23. Rfd1 Be4 24. Qb2 Re8 25. e6 Qg7 26. Qf2 Nxe6 27. Rd7 Ne7
28. Nd6 Bc6 29. Nxe8 Kxe8 30. R7d6 Nd4 31. b4 Qe5 32. bxc5 Ne6 33. Re1 Be4 34.
Rd5 Qc3 35. c6 Nxd5 36. cxd5 Bxd5 37. Rd1 Bxc6 38. Re1 Be4 0-1

[Event "77 España ch 2012"]
[Site "Maspalomas ESP"]
[Date "2012.10.04"]
[Round "6.4"]
[White "Anton Guijarro, David"]
[Black "Moreno Tejera, Emilio"]
[Result "1-0"]
[WhiteElo "2546"]
[BlackElo "2358"]
[PlyCount "77"]
[EventDate "2012.09.29"]
[EventType "swiss"]
[EventRounds "9"]
[EventCountry "ESP"]
[Source "lmi"]
[SourceDate "2012.09.29"]

1. d4 Nf6 2. Nf3 g6 3. c4 Bg7 4. Nc3 O-O 5. e4 d6 6. h3 e5 7. d5 a5 8. Bg5 Na6
9. Nd2 Qe8 10. Be2 Nd7 11. a3 f6 12. Bh4 Nb6 13. b3 Bh6 14. Rb1 Bd7 15. O-O Nc5
16. Qc2 Qe7 17. Kh1 Bg5 18. Bg3 f5 19. exf5 Bxf5 20. Nde4 Bf4 21. Bg4 Bxg3 22.
Bxf5 gxf5 23. Nxc5 dxc5 24. fxg3 Qg5 25. Nb5 Rf7 26. Qc3 f4 27. Rbe1 Raf8 28.
Rf3 Rg7 29. Rxe5 Qg6 30. Re6 Qb1+ 31. Kh2 a4 32. bxa4 Nxa4 33. Qe5 Qb2 34. Rxf4
Qxe5 35. Rxe5 Nb6 36. Ree4 Ra8 37. Re6 Rd8 38. Nxc7 Nxc4 39. Ne8 1-0

[Event "77 España ch 2012"]
[Site "Maspalomas ESP"]
[Date "2012.10.04"]
[Round "6.5"]
[White "Alsina Leal, Daniel"]
[Black "Fernandez Garcia, Jose Miguel"]
[Result "1-0"]
[WhiteElo "2528"]
[BlackElo "2356"]
[PlyCount "95"]
[EventDate "2012.09.29"]
[EventType "swiss"]
[EventRounds "9"]
[EventCountry "ESP"]
[Source "lmi"]
[SourceDate "2012.09.29"]

1. e4 e5 2. Nf3 Nc6 3. Bb5 f5 4. Nc3 fxe4 5. Nxe4 Nf6 6. Nxf6+ Qxf6 7. Qe2 Be7
8. Bxc6 dxc6 9. Nxe5 Bf5 10. d3 O-O 11. O-O Bd6 12. Nc4 Rae8 13. Be3 Qh4 14.
Nxd6 cxd6 15. Qd2 Re6 16. Bf4 Rfe8 17. Rae1 Qf6 18. b3 h6 19. Rxe6 Rxe6 20. a4
b6 21. Be3 Qe5 22. Re1 c5 23. f3 a6 24. Bf2 Qd5 25. Rxe6 Qxe6 26. Bg3 b5 27. h3
Kh7 28. Kh2 bxa4 29. bxa4 d5 30. Qa5 c4 31. dxc4 dxc4 32. c3 Bc2 33. Qb4 Qc6
34. a5 Bf5 35. Be5 Qe6 36. Qc5 Bg6 37. Qc7 Bf7 38. Bd4 Qf5 39. h4 Qe6 40. Qg3
Qg6 41. Qe5 Be8 42. g4 Bc6 43. Kg3 Qf7 44. f4 Ba8 45. g5 hxg5 46. hxg5 Qg6 47.
Qe7 Bd5 48. f5 1-0

[Event "77 España ch 2012"]
[Site "Maspalomas ESP"]
[Date "2012.10.04"]
[Round "6.6"]
[White "Pazos Porta, Antonio"]
[Black "Cuenca Jimenez, Jose Fernando"]
[Result "0-1"]
[WhiteElo "2307"]
[BlackElo "2487"]
[PlyCount "54"]
[EventDate "2012.09.29"]
[EventType "swiss"]
[EventRounds "9"]
[EventCountry "ESP"]
[Source "lmi"]
[SourceDate "2012.09.29"]

1. e4 e5 2. Nf3 Nc6 3. Bb5 Nf6 4. d3 d6 5. c3 g6 6. O-O Bg7 7. Re1 O-O 8. d4
Bd7 9. Bg5 h6 10. dxe5 hxg5 11. exf6 Bxf6 12. h3 g4 13. hxg4 Bxg4 14. Be2 Kg7
15. Nh2 Bc8 16. Bg4 Rh8 17. Bxc8 Qxc8 18. Nd2 Rh5 19. Re3 Bg5 20. Rg3 Qh8 21.
Ndf1 Bf4 22. Rh3 Rxh3 23. gxh3 Qxh3 24. Qg4 Qh6 25. Rd1 Rh8 26. Qg2 Ne5 27. Nf3
Qh5 0-1

[Event "77 España ch 2012"]
[Site "Maspalomas ESP"]
[Date "2012.10.04"]
[Round "6.7"]
[White "Alvarado Diaz, Alejandro"]
[Black "Munoz Pantoja, Miguel"]
[Result "0-1"]
[WhiteElo "2258"]
[BlackElo "2476"]
[PlyCount "72"]
[EventDate "2012.09.29"]
[EventType "swiss"]
[EventRounds "9"]
[EventCountry "ESP"]
[Source "lmi"]
[SourceDate "2012.09.29"]

1. d4 c5 2. d5 Nf6 3. c4 g6 4. Nc3 Bg7 5. e4 d6 6. Bd3 O-O 7. h3 e6 8. Nf3 exd5
9. cxd5 b5 10. Nxb5 Nxe4 11. Bxe4 Re8 12. O-O Rxe4 13. Ng5 Rb4 14. Nc3 Nd7 15.
Re1 Nf6 16. Qe2 h6 17. Nge4 Nxe4 18. Nxe4 Bf5 19. Ng3 Qf6 20. Qf3 Bc2 21. Qe2
Bf5 22. Qf3 Bd7 23. Qxf6 Bxf6 24. Ne4 Be5 25. Nxc5 Bf5 26. Nb3 Ra4 27. Rxe5
dxe5 28. g4 Bc2 29. Nc5 Rd4 30. Bxh6 Rxd5 31. Be3 f5 32. Rc1 Bd1 33. gxf5 gxf5
34. Ne6 f4 35. Bd4 Kf7 36. Nc7 Rg8+ 0-1

[Event "77 España ch 2012"]
[Site "Maspalomas ESP"]
[Date "2012.10.04"]
[Round "6.8"]
[White "Garrido Dominguez, Jesus"]
[Black "Suarez Garcia, Carlos"]
[Result "1-0"]
[WhiteElo "2396"]
[BlackElo "2274"]
[PlyCount "91"]
[EventDate "2012.09.29"]
[EventType "swiss"]
[EventRounds "9"]
[EventCountry "ESP"]
[Source "lmi"]
[SourceDate "2012.09.29"]

1. e4 d6 2. d4 Nf6 3. Nc3 g6 4. g3 Bg7 5. Bg2 O-O 6. Nge2 e5 7. O-O a6 8. dxe5
dxe5 9. Bg5 Qxd1 10. Rfxd1 Nc6 11. h3 h6 12. Be3 Kh7 13. Rd2 Be6 14. Nd5 Rac8
15. c3 Rfe8 16. c4 Ne7 17. Bc5 Neg8 18. Bb4 Nd7 19. Rad1 c6 20. Ne3 Nb6 21. b3
f6 22. f4 Bf8 23. Bxf8 Rxf8 24. f5 gxf5 25. exf5 Bf7 26. c5 Na8 27. Rd7 b6 28.
Nc4 bxc5 29. Nd6 Rc7 30. Ne4 Kh8 31. Nxc5 Bd5 32. Bxd5 cxd5 33. R1xd5 Ne7 34.
Rxc7 Nxd5 35. Rc6 Ne7 36. Rxa6 Nxf5 37. Nd7 Rd8 38. Nxf6 Nc7 39. Ra7 Rd6 40.
Rxc7 Rxf6 41. Rc3 e4 42. g4 Nh4 43. Re3 Nf3+ 44. Kg2 Ne1+ 45. Kg3 Kh7 46. Nf4
1-0

[Event "77 España ch 2012"]
[Site "Maspalomas ESP"]
[Date "2012.10.04"]
[Round "6.9"]
[White "Larino Nieto, David"]
[Black "Natalicchio Escalante, Nicolas"]
[Result "1-0"]
[WhiteElo "2487"]
[BlackElo "2208"]
[PlyCount "113"]
[EventDate "2012.09.29"]
[EventType "swiss"]
[EventRounds "9"]
[EventCountry "ESP"]
[Source "lmi"]
[SourceDate "2012.09.29"]

1. c3 Nf6 2. g3 d5 3. Bg2 g6 4. f4 Bg7 5. Nf3 c5 6. O-O Nc6 7. d3 O-O 8. Qc2 d4
9. Nbd2 Nd5 10. Ne4 dxc3 11. Nxc3 Nxc3 12. bxc3 Bg4 13. Be3 Rc8 14. h3 Bxf3 15.
Bxf3 Nd4 16. Bxd4 cxd4 17. c4 b6 18. a4 e5 19. Bg2 exf4 20. Rxf4 Be5 21. Rf3 f5
22. Raf1 Qd6 23. Kh2 h5 24. Qd2 h4 25. Qh6 hxg3+ 26. Kh1 Rc7 27. Qg5 Rg7 28.
Rf4 Bxf4 29. Rxf4 Rh7 30. Qxg3 Re8 31. Qf3 Re3 32. Qa8+ Kg7 33. Qxa7+ Kh8 34.
Qa8+ Kg7 35. Rf2 Qg3 36. Kg1 Rxh3 37. Kf1 Rh4 38. Qd8 Rg4 39. Qxb6 Qh2 40. Ke1
Reg3 41. Qc7+ Kh8 42. a5 Qh6 43. Kd1 Rxg2 44. Rxg2 Qh1+ 45. Kd2 Qxg2 46. a6 Qg1
47. a7 Qe3+ 48. Kc2 Qxe2+ 49. Kb3 Qxd3+ 50. Kb4 Qc3+ 51. Kb5 Qb3+ 52. Ka6 Qa4+
53. Kb7 Qb3+ 54. Qb6 Qf3+ 55. Qc6 Qb3+ 56. Kc7 d3 57. a8=Q+ 1-0

[Event "77 España ch 2012"]
[Site "Maspalomas ESP"]
[Date "2012.10.04"]
[Round "6.10"]
[White "Todorcevic Antic, Miodrag"]
[Black "Forcen Esteban, Daniel"]
[Result "0-1"]
[WhiteElo "2420"]
[BlackElo "2469"]
[PlyCount "96"]
[EventDate "2012.09.29"]
[EventType "swiss"]
[EventRounds "9"]
[EventCountry "ESP"]
[Source "lmi"]
[SourceDate "2012.09.29"]

1. e4 Nf6 2. d3 d5 3. e5 Nfd7 4. f4 e6 5. Nf3 c5 6. g3 Nc6 7. Bg2 Be7 8. O-O
O-O 9. c3 b5 10. a4 bxa4 11. Qxa4 Bb7 12. Na3 Nb6 13. Qd1 a5 14. Nc2 a4 15. Be3
Qd7 16. Bf2 Rfb8 17. g4 Ba6 18. Bg3 Nd8 19. f5 Qb5 20. f6 Bf8 21. fxg7 Bxg7 22.
Qc1 Qxd3 23. Rf2 Qb5 24. Bh4 Nd7 25. Na3 Qd3 26. Qg5 Nc6 27. Re1 Qg6 28. Qf4
Bd3 29. Bg3 Qh6 30. g5 Qh5 31. Qd2 c4 32. Nd4 Ncxe5 33. h3 Rb6 34. Nab5 Rab8
35. Nc7 Rc8 36. Ncb5 Rc5 37. Na3 Nc6 38. Qf4 Be5 39. Rxe5 Ncxe5 40. Qe3 Be4 41.
Ne2 Nd3 42. Nf4 Qxg5 43. h4 Qh6 44. Rd2 Bf5 45. Nc2 Rxb2 46. Nd4 Rxd2 47. Qxd2
Bg6 48. Qe2 Nxf4 0-1

[Event "77 España ch 2012"]
[Site "Maspalomas ESP"]
[Date "2012.10.04"]
[Round "6.11"]
[White "Nicolas Zapata, Irene"]
[Black "Recuero Guerra, David"]
[Result "0-1"]
[WhiteElo "2193"]
[BlackElo "2450"]
[PlyCount "84"]
[EventDate "2012.09.29"]
[EventType "swiss"]
[EventRounds "9"]
[EventCountry "ESP"]
[Source "lmi"]
[SourceDate "2012.09.29"]

1. d4 Nf6 2. Nf3 c5 3. e3 e6 4. c4 d5 5. cxd5 exd5 6. Bb5+ Bd7 7. Bxd7+ Nbxd7
8. dxc5 Nxc5 9. O-O Be7 10. Bd2 O-O 11. Bc3 b5 12. Nd4 Qd7 13. Qf3 Nce4 14. Nf5
b4 15. Nxe7+ Qxe7 16. Bxf6 Nxf6 17. Nd2 Qe5 18. Rab1 a5 19. Nb3 Ne4 20. Rfd1
Ra6 21. Qe2 Rfa8 22. Rbc1 h6 23. Nd4 Rb6 24. Qc2 Qf6 25. f3 Ng5 26. Qf5 Qe7 27.
Qxd5 Qxe3+ 28. Kh1 Re8 29. Nf5 Qf4 30. Ne7+ Kh8 31. Qd7 Rbb8 32. Nd5 Qh4 33.
Nc7 Re2 34. Qd6 Qf2 35. Rg1 Rd2 36. Qf4 Rbd8 37. Rcf1 Qc5 38. h4 R8d4 39. Qg3
Qc4 40. f4 Ne4 41. Qh3 Qxc7 42. Rc1 Nf2+ 0-1

[Event "77 España ch 2012"]
[Site "Maspalomas ESP"]
[Date "2012.10.04"]
[Round "6.12"]
[White "Gonzalez De La Torre, Santiago"]
[Black "Ramos Aguilar, Jose Manuel"]
[Result "1-0"]
[WhiteElo "2442"]
[BlackElo "2183"]
[PlyCount "95"]
[EventDate "2012.09.29"]
[EventType "swiss"]
[EventRounds "9"]
[EventCountry "ESP"]
[Source "lmi"]
[SourceDate "2012.09.29"]

1. Nf3 Nf6 2. g3 g6 3. b3 Bg7 4. Bb2 O-O 5. Bg2 d5 6. c4 c6 7. O-O Re8 8. Qc2
Nbd7 9. d4 Qa5 10. Nbd2 dxc4 11. Nxc4 Qf5 12. Qd2 Nb6 13. Nce5 Ne4 14. Qd1 Ng5
15. Nxg5 Qxg5 16. Qc2 Qf5 17. e4 Qe6 18. Rad1 Qd6 19. h3 Rd8 20. Nc4 Qc7 21.
Ne3 Bd7 22. f4 Be8 23. Rd2 a5 24. a3 a4 25. b4 Rac8 26. Kh2 Rd7 27. Rff2 Qd8
28. Qd1 f6 29. h4 Bf7 30. Bh3 Bb3 31. Qc1 e6 32. f5 Qe7 33. Qc5 Bh6 34. Rde2
Qxc5 35. bxc5 Bxe3 36. Rxe3 Nc4 37. fxe6 Re7 38. Ref3 Rf8 39. Bc1 Kg7 40. Bg5
Nxa3 41. Bxf6+ Rxf6 42. Rxf6 Nb5 43. Rf7+ Rxf7 44. Rxf7+ Kg8 45. Rxb7 a3 46.
Rb8+ Kg7 47. e7 Bf7 48. e8=Q 1-0

[Event "77 España ch 2012"]
[Site "Maspalomas ESP"]
[Date "2012.10.04"]
[Round "6.13"]
[White "Garcia Blanco, Omar"]
[Black "Gutierrez Olivares, Daniel"]
[Result "0-1"]
[WhiteElo "2277"]
[BlackElo "2368"]
[PlyCount "119"]
[EventDate "2012.09.29"]
[EventType "swiss"]
[EventRounds "9"]
[EventCountry "ESP"]
[Source "lmi"]
[SourceDate "2012.09.29"]

1. e4 e6 2. d4 d5 3. Nd2 Nf6 4. e5 Nfd7 5. Bd3 c5 6. c3 Nc6 7. Ne2 cxd4 8. cxd4
f6 9. exf6 Qxf6 10. O-O Bd6 11. Nf3 h6 12. Bb1 O-O 13. Qd3 Rd8 14. Qh7+ Kf7 15.
Ng3 Nf8 16. Qd3 Kg8 17. Re1 Bd7 18. Bd2 Be8 19. Bc3 Bg6 20. Qe3 Rac8 21. Bxg6
Qxg6 22. Ne2 Qf5 23. Nc1 Re8 24. Nd3 Ng6 25. Qd2 Rc7 26. Re3 Rf7 27. Rae1 Nf4
28. Nde5 Bxe5 29. Nxe5 Nxe5 30. dxe5 Rc8 31. Rg3 Rc4 32. b3 Re4 33. Rge3 Qg5
34. Rg3 Ne2+ 35. Qxe2 Rxe2 36. Rxg5 Rxe1+ 37. Bxe1 hxg5 38. Bd2 Rf5 39. Bc3 Kh7
40. f3 Kg6 41. Bd4 b6 42. a4 Rf4 43. Bc3 d4 44. Bb2 d3 45. Bc3 Rd4 46. Bd2 Rd5
47. Kf2 Rxe5 48. Be3 Rd5 49. Bd2 Re5 50. Be3 Kf7 51. g3 Ke8 52. f4 gxf4 53.
gxf4 Re4 54. a5 bxa5 55. Kf3 Rb4 56. Bd2 Rxb3 57. Bxa5 Kd7 58. h4 Kc6 59. Ke3
g6 60. Kd4 0-1

[Event "77 España ch 2012"]
[Site "Maspalomas ESP"]
[Date "2012.10.04"]
[Round "6.14"]
[White "Camacho Collados, Marcos"]
[Black "Cuenca Jimenez, Francisco Javi"]
[Result "1-0"]
[WhiteElo "2436"]
[BlackElo "2177"]
[PlyCount "137"]
[EventDate "2012.09.29"]
[EventType "swiss"]
[EventRounds "9"]
[EventCountry "ESP"]
[Source "lmi"]
[SourceDate "2012.09.29"]

1. d4 d5 2. Nf3 Nf6 3. Bf4 e6 4. e3 Be7 5. Bd3 b6 6. h3 O-O 7. c3 a5 8. O-O Ba6
9. Bxa6 Nxa6 10. Ne5 Nb8 11. Nd2 Nfd7 12. Nxd7 Qxd7 13. e4 f6 14. Qe2 Nc6 15.
Rfe1 Bd6 16. Bxd6 Qxd6 17. exd5 exd5 18. Qe6+ Qxe6 19. Rxe6 Nd8 20. Re7 Rf7 21.
Rae1 Nc6 22. R7e6 Na7 23. Nf1 Rd8 24. Ne3 g6 25. g4 Nc8 26. Kg2 Rdd7 27. Kg3
Kg7 28. Ng2 Rfe7 29. Nf4 Kf7 30. R6e3 c6 31. Ne6 Re8 32. Nf4 Rde7 33. h4 Nd6
34. Nd3 Rxe3+ 35. Rxe3 Re7 36. Rxe7+ Kxe7 37. Kf4 Ke6 38. g5 Nf7 39. Kg4 h5+
40. Kf4 fxg5+ 41. hxg5 Kd6 42. Ne1 Nd8 43. Nf3 Ne6+ 44. Kg3 c5 45. Kh4 cxd4 46.
cxd4 Ng7 47. Kg3 Ne6 48. a4 Ke7 49. Ne5 Nxg5 50. Nxg6+ Kd6 51. Kf4 Ne4 52. Ke3
Nf6 53. f3 Ke6 54. Kf4 Ne8 55. Kg5 Ng7 56. Nf4+ Kd6 57. Kf6 Ne8+ 58. Kg6 h4 59.
Kg5 Ng7 60. Kg4 Kc6 61. Ne2 b5 62. b3 bxa4 63. bxa4 Kd6 64. Kxh4 Nf5+ 65. Kg5
Ne3 66. f4 Ke7 67. Kg6 Nd1 68. f5 Kf8 69. f6 1-0

[Event "77 España ch 2012"]
[Site "Maspalomas ESP"]
[Date "2012.10.04"]
[Round "6.15"]
[White "Tejedor Fuentes, Enrique"]
[Black "Martin Hernandez, Ruben"]
[Result "1/2-1/2"]
[WhiteElo "2287"]
[BlackElo "2171"]
[PlyCount "62"]
[EventDate "2012.09.29"]
[EventType "swiss"]
[EventRounds "9"]
[EventCountry "ESP"]
[Source "lmi"]
[SourceDate "2012.09.29"]

1. e4 c5 2. Nf3 e6 3. d4 cxd4 4. Nxd4 Nc6 5. Nc3 Qc7 6. Be3 a6 7. Bd3 Nf6 8.
O-O Ne5 9. h3 Bc5 10. Qe2 d6 11. Nb3 Bxe3 12. Qxe3 b5 13. f4 Nc4 14. Bxc4 bxc4
15. Nd4 Bb7 16. e5 dxe5 17. fxe5 Nd5 18. Nxd5 Bxd5 19. c3 O-O 20. Rae1 Rab8 21.
Re2 Rb7 22. Rf4 Rfb8 23. Qc1 Rb6 24. a3 Qb7 25. Rff2 Qe7 26. Qf4 Qc7 27. Qc1
Qe7 28. Kh2 Qc7 29. Kh1 Qe7 30. Qd1 Qb7 31. Kg1 Be4 1/2-1/2